000 00608nam a2200205 a 4500
008 980722s1989 m yCZ 0 cze c
040 _aSNK
_bslo
_cSNK
_eAACR2
041 1 _acze
044 _aCZ
080 _a801.323.1=850
080 _a808.50-085.2(038)
245 1 0 _aSlovník spisovného jazyka českého VI.
_cza ved. Boh. Havránka ... zprac. kol.
_bŠ - U
250 _a2. nezm. vyd.
260 _aPraha
_bAcademia
_c1989
300 _a425, [16] s.
_c
650 0 7 _ačeština spisovná
_xslovníky výkladové
_2SNK
650 0 7 _aslovníky výkladové české
_2SNK
020 _c58
958 _aA
999 _c17742
_d17742